[Event "2BLO 1819 SC Garching - FC Bayern Münc"]
[Site "?"]
[Date "2018.12.16"]
[Round "4.5"]
[White "Zajogin, Alexander"]
[Black "Koepke, Elena"]
[Result "1/2-1/2"]
[WhiteElo "2412"]
[BlackElo "2282"]
[PlyCount "174"]
[EventDate "2018.??.??"]

1. d4 Nf6 2. c4 e6 3. Nc3 Bb4 4. e3 O-O 5. Nge2 d5 6. a3 Be7 7. cxd5 exd5 8.
Nf4 c6 9. Bd3 Nbd7 10. O-O Re8 11. h3 Nf8 12. b4 Bd6 13. Qf3 Ng6 14. Nxg6 hxg6
15. Ne2 Ne4 16. Nf4 Bf5 17. g4 Bd7 18. Qg2 Qh4 19. f3 Ng5 20. Qh2 Ne6 21. Kg2
g5 22. Ng6 Bxh2 23. Nxh4 Bd6 24. Nf5 Bf8 25. Bd2 g6 26. Ng3 Bd6 27. a4 Kg7 28.
Ne2 f6 29. Rfc1 Rac8 30. Be1 Rf8 31. Ng3 Rce8 32. Bd2 Nc7 33. Rab1 a6 34. b5
axb5 35. axb5 Nxb5 36. Bxb5 cxb5 37. e4 Bxg3 38. Kxg3 dxe4 39. Rc7 Rf7 40. d5
exf3 41. Rb3 Re2 42. Be3 f2 43. Bxf2 Rd2 44. Rxb7 Rxd5 45. Be3 Re7 46. Bc1 Re2
47. Rc3 Kf7 48. Rf3 Kg7 49. Rc3 Rd1 50. Kf3 Re7 51. Kg3 Re5 52. Rf3 Re2 53. Rc3
Kf7 54. Be3 Ke6 55. Kf3 Ree1 56. Bf2 Re5 57. Rb6+ Kf7 58. Be3 Red5 59. Rc7 R1d3
60. Ke2 Rb3 61. Kf2 Rdd3 62. Bc1 Rbc3 63. Rxc3 Rxc3 64. Be3 Bc6 65. Ke2 Ke6 66.
Kd2 Rc4 67. Rb8 Ra4 68. Kc3 Kd5 69. Rf8 Ra3+ 70. Kd2 Ke5 71. Rh8 Ke4 72. Bc5
Rd3+ 73. Kc2 Rd5 74. Be7 f5 75. gxf5 Rxf5 76. Rg8 Rf2+ 77. Kc3 Rf3+ 78. Kb4
Rxh3 79. Rxg6 Be8 80. Rxg5 Kd3 81. Rd5+ Ke4 82. Rd8 Rh8 83. Bc5 Rg8 84. Bb6 Ke5
85. Bd4+ Ke6 86. Bc5 Rg4+ 87. Rd4 Rxd4+ 1/2-1/2

[Event "2BLO 1819 SC Garching - FC Bayern Münc"]
[Site "?"]
[Date "2018.12.16"]
[Round "4.6"]
[White "Pitschka, Claus"]
[Black "Lindgren, Philip"]
[Result "0-1"]
[WhiteElo "2241"]
[BlackElo "2374"]
[PlyCount "68"]
[EventDate "2018.??.??"]

1. d4 Nf6 2. Bf4 d5 3. e3 c5 4. c3 Nc6 5. Nd2 e6 6. Bd3 Bd6 7. Bxd6 Qxd6 8. f4
Bd7 9. g3 Ne7 10. Ngf3 Nf5 11. Qe2 Qb6 12. O-O-O Nd6 13. dxc5 Qxc5 14. Nd4 O-O
15. g4 b5 16. g5 Nfe4 17. Nxe4 dxe4 18. Bc2 Rfd8 19. Nb3 Qb6 20. Rd2 Bc6 21.
Rhd1 Bd5 22. Kb1 a5 23. Nc1 Nf5 24. Re1 b4 25. c4 Bc6 26. Nb3 a4 27. Rxd8+ Rxd8
28. Nd2 b3 29. axb3 axb3 30. Nxb3 Rb8 31. c5 Qb7 32. Bd1 Bd5 33. Nd4 Qa7 34.
Nb5 Qa2+ 0-1

[Event "2BLO 1819 SC Garching - FC Bayern Münc"]
[Site "?"]
[Date "2018.12.16"]
[Round "4.7"]
[White "Lokander, Martin"]
[Black "Seifert, Volker"]
[Result "1-0"]
[WhiteElo "2405"]
[BlackElo "2320"]
[PlyCount "87"]
[EventDate "2018.??.??"]

1. c4 e5 2. Nc3 f5 3. d4 e4 4. g4 fxg4 5. h3 g3 6. Nxe4 gxf2+ 7. Nxf2 d5 8.
cxd5 Qxd5 9. Nf3 Nf6 10. Bg2 Bb4+ 11. Bd2 Bxd2+ 12. Qxd2 O-O 13. O-O Nc6 14. e4
Qa5 15. Qxa5 Nxa5 16. Rac1 Ne8 17. d5 b6 18. b4 Nb7 19. e5 a5 20. a3 axb4 21.
axb4 Ra4 22. Nd4 Rf4 23. Nc6 Bd7 24. d6 cxd6 25. Ne7+ Kf8 26. Nd5 Rf7 27. Nxb6
Rxb4 28. Nxd7+ Ke7 29. Rfe1 Rxf2 30. Kxf2 Kxd7 31. Bc6+ Kd8 32. e6 Ke7 33. Bxe8
Nc5 34. Bd7 Nd3+ 35. Ke3 Nxe1 36. Rxe1 Rb3+ 37. Kd4 Rxh3 38. Rf1 Rh4+ 39. Kd5
Rh5+ 40. Kc6 Rc5+ 41. Kb6 g5 42. Rf7+ Kd8 43. Bc6 Re5 44. e7+ 1-0

[Event "2BLO 1819 SC Garching - FC Bayern Münc"]
[Site "?"]
[Date "2018.12.16"]
[Round "4.8"]
[White "Schlichtmann, Robin"]
[Black "Rafiee, Makan"]
[Result "0-1"]
[WhiteElo "2179"]
[BlackElo "2347"]
[PlyCount "106"]
[EventDate "2018.??.??"]

1. e4 e5 2. Nf3 Nc6 3. Bb5 a6 4. Ba4 Nf6 5. O-O Be7 6. Re1 b5 7. Bb3 O-O 8. c3
d6 9. h3 Nb8 10. d4 Nbd7 11. Nbd2 Bb7 12. Bc2 Re8 13. a4 Bf8 14. Bd3 c6 15. b3
g6 16. Bb2 Bg7 17. Qc2 Qc7 18. b4 Nb6 19. a5 Na4 20. dxe5 dxe5 21. c4 Nxb2 22.
Qxb2 Rad8 23. Bf1 Qe7 24. Qc3 Bf8 25. Rab1 Rc8 26. Qe3 Ba8 27. Rec1 Rb8 28. Ne1
Rec8 29. Nd3 Nd7 30. Nb3 h5 31. Rc2 Kh7 32. Rd1 Bh6 33. Qa7 Rb7 34. Qxa6 Nb8
35. Qxa8 bxc4 36. Nxe5 cxb3 37. Rc4 b2 38. Rb1 Bg7 39. a6 Ra7 40. Nxc6 Rxc6 41.
Qxb8 Rxc4 42. Bxc4 Qxe4 43. Rxb2 Bxb2 44. Qxa7 Qxc4 45. g3 Bd4 46. Qd7 Bb6 47.
Qb7 Qe6 48. Kg2 Qf6 49. Qf3 Kg7 50. Qe2 Qd4 51. b5 Qd5+ 52. Kg1 Kf6 53. Qb2+
Qe5 0-1

[Event "2BLO 1819 SC NT Nürnberg - FC Bayern M"]
[Site "?"]
[Date "2019.02.02"]
[Round "5.1"]
[White "Dragnev, Valentin"]
[Black "Maximov, Dmitry"]
[Result "1-0"]
[WhiteElo "2511"]
[BlackElo "2482"]
[PlyCount "63"]
[EventDate "2019.??.??"]

1. d4 Nf6 2. c4 g6 3. Nc3 Bg7 4. e4 O-O 5. Be3 c6 6. f3 d5 7. e5 Ne8 8. cxd5
cxd5 9. h4 f6 10. h5 fxe5 11. hxg6 Nc6 12. dxe5 e6 13. f4 d4 14. Qh5 h6 15.
O-O-O Qb6 16. Nge2 dxe3 17. g4 Ne7 18. Bg2 a5 19. Be4 a4 20. a3 Qc7 21. g5 Nf5
22. Qh2 Ra6 23. Kb1 Ned6 24. exd6 Nxd6 25. gxh6 Nxe4 26. hxg7 Nxc3+ 27. Nxc3
Qxg7 28. Ka1 Rc6 29. Ne4 Rc4 30. Nf6+ Rxf6 31. Rd8+ Rf8 32. Qh7+ 1-0

[Event "2BLO 1819 SC NT Nürnberg - FC Bayern M"]
[Site "?"]
[Date "2019.02.02"]
[Round "5.2"]
[White "Milov, Leonid"]
[Black "Studer, Noel"]
[Result "1-0"]
[WhiteElo "2464"]
[BlackElo "2494"]
[PlyCount "89"]
[EventDate "2019.??.??"]

1. e4 e6 2. d4 d5 3. Nc3 Nf6 4. e5 Nfd7 5. Nce2 c5 6. c3 Nc6 7. Nf3 Be7 8. a3
O-O 9. Nf4 Qa5 10. Be3 Nxd4 11. Nxd4 cxd4 12. Bxd4 Qc7 13. Qh5 g6 14. Qe2 Nc5
15. Qc2 Bd7 16. a4 Rac8 17. Be2 Ne4 18. Nd3 f6 19. O-O fxe5 20. Nxe5 Bc5 21.
Bxc5 Nxc5 22. f4 Bxa4 23. Rxa4 Nxa4 24. Qxa4 Qb6+ 25. Kh1 Qe3 26. Bd3 Rc7 27.
Qb4 Rd8 28. g3 b6 29. Kg2 Qc5 30. Qb3 b5 31. Ra1 Rd6 32. h4 Kg7 33. h5 d4 34.
cxd4 Rxd4 35. hxg6 Rb4 36. Qxe6 h5 37. b3 Re7 38. Qf5 Rxb3 39. Qxh5 Rxd3 40.
Qh7+ Kf6 41. Qh8+ Kf5 42. Qh5+ Ke6 43. Qg4+ Kf6 44. Nxd3 Qd5+ 45. Kh3 1-0

[Event "2BLO 1819 SC NT Nürnberg - FC Bayern M"]
[Site "?"]
[Date "2019.02.02"]
[Round "5.3"]
[White "Bischoff, Klaus"]
[Black "Yelisieiev, Yevhenii"]
[Result "1/2-1/2"]
[WhiteElo "2510"]
[BlackElo "2389"]
[PlyCount "183"]
[EventDate "2019.??.??"]

1. d4 d6 2. e4 Nf6 3. f3 e5 4. d5 Be7 5. c4 O-O 6. Be3 Nh5 7. Ne2 Bg5 8. Bf2 f5
9. Nec3 f4 10. Na3 Bh4 11. Qd2 Nd7 12. O-O-O Bxf2 13. Qxf2 Rf7 14. Kb1 b6 15.
Be2 g5 16. g4 fxg3 17. hxg3 Ng7 18. Nc2 Qf6 19. Ne3 h5 20. g4 h4 21. Nf5 a5 22.
Qe3 Nc5 23. Rdg1 Bd7 24. Nd1 Kh8 25. Nf2 Rg8 26. Nh3 Ne8 27. Rg2 Rh7 28. Bd1
Bc8 29. b3 Bd7 30. Bc2 Bc8 31. a3 Nd7 32. b4 axb4 33. axb4 Ba6 34. Bd3 Bc8 35.
Ra2 Nf8 36. Bc2 Bxf5 37. exf5 Qh6 38. Ra8 Re7 39. Qe1 Nh7 40. Qc3 Nef6 41. Ra6
Qg7 42. Nf2 Rge8 43. Be4 Nxe4 44. fxe4 Rb8 45. Kc2 Qf8 46. Rha1 Nf6 47. Qe3 Rg7
48. Kd2 Nd7 49. Ra7 Qd8 50. Ke2 Rh7 51. Nh3 Rg7 52. Kf3 Kg8 53. Qc1 Kf7 54.
R1a6 Rg8 55. Qa1 Ke7 56. Qa4 Rc8 57. Qb5 Rg7 58. Ra2 Kf6 59. Rb7 Ra8 60. Raa7
Rxa7 61. Rxa7 Qb8 62. Qa6 Rg8 63. Rb7 Qa8 64. Ra7 Qb8 65. Ke2 Rh8 66. Kd3 Rg8
67. Kc2 Rh8 68. Kb3 Rg8 69. Rb7 Qa8 70. Qxa8 Rxa8 71. Rxc7 Ke7 72. c5 dxc5 73.
bxc5 bxc5 74. Nxg5 Rg8 75. Nf3 Rh8 76. Nxe5 Kd6 77. Rxd7+ Kxe5 78. Re7+ Kf4 79.
Ra7 h3 80. Ra1 Kxe4 81. Kc4 Kf4 82. f6 Kxg4 83. d6 Kf5 84. Kd5 Kxf6 85. Rf1+
Kg5 86. Kxc5 Kg4 87. d7 h2 88. Kd6 h1=Q 89. Rxh1 Rxh1 90. d8=Q Rd1+ 91. Ke7
Rxd8 92. Kxd8 1/2-1/2

[Event "2BLO 1819 SC NT Nürnberg - FC Bayern M"]
[Site "?"]
[Date "2019.02.02"]
[Round "5.4"]
[White "Mischustov, Michael"]
[Black "Fedorovsky, Michael"]
[Result "1/2-1/2"]
[WhiteElo "2333"]
[BlackElo "2458"]
[PlyCount "107"]
[EventDate "2019.??.??"]

1. e4 c5 2. Nf3 Nc6 3. Bb5 g6 4. O-O Bg7 5. Re1 Nf6 6. Bxc6 dxc6 7. d3 Bg4 8.
Nbd2 Nd7 9. h3 Bxf3 10. Nxf3 e5 11. Be3 Qe7 12. Qd2 Nf8 13. a3 Ne6 14. b4 O-O
15. bxc5 f5 16. Bh6 fxe4 17. Bxg7 Qxg7 18. Ng5 Nxg5 19. Qxg5 exd3 20. cxd3 Rfe8
21. Re4 Rad8 22. Rae1 Rxd3 23. Rxe5 Rxe5 24. Rxe5 Rd7 25. Qe3 h6 26. f4 Kh7 27.
Qe4 Rf7 28. h4 Qf6 29. h5 Kg7 30. Re6 Qxf4 31. Qxg6+ Kf8 32. Qxh6+ Qxh6 33.
Rxh6 Rf5 34. Rh7 Rxc5 35. Rxb7 Rxh5 36. Rxa7 Rb5 37. Kf2 Rb3 38. g4 c5 39. Ke2
c4 40. a4 Rg3 41. Kd2 Rxg4 42. Kc3 Ke8 43. Rb7 Kd8 44. a5 Kc8 45. Rb5 Rg3+ 46.
Kxc4 Rg4+ 47. Kc5 Rg5+ 48. Kb6 Rxb5+ 49. Kxb5 Kb7 50. a6+ Ka7 51. Ka5 Ka8 52.
Kb6 Kb8 53. a7+ Ka8 54. Ka6 1/2-1/2

[Event "2BLO 1819 SC NT Nürnberg - FC Bayern M"]
[Site "?"]
[Date "2019.02.02"]
[Round "5.5"]
[White "Zajogin, Alexander"]
[Black "Kirchner, Thomas"]
[Result "1-0"]
[WhiteElo "2413"]
[BlackElo "2337"]
[PlyCount "109"]
[EventDate "2019.??.??"]

1. d4 Nf6 2. c4 e6 3. Nc3 d5 4. cxd5 exd5 5. Bg5 Be7 6. Qc2 Be6 7. e3 Nbd7 8.
Bd3 h6 9. Bh4 c5 10. Nge2 O-O 11. O-O Rc8 12. Nf4 a6 13. Rad1 b5 14. Bxf6 Nxf6
15. dxc5 Bxc5 16. Qb3 Qd6 17. Be2 Rfd8 18. Bf3 d4 19. Nxe6 Qxe6 20. Qxe6 fxe6
21. exd4 Bxd4 22. Bb7 Rb8 23. Bxa6 b4 24. Ne2 e5 25. Nxd4 exd4 26. Rd3 Rd6 27.
Bc4+ Kf8 28. Rfd1 Rbd8 29. f3 Nh5 30. g3 g5 31. Rb3 Ng7 32. Rxb4 Nf5 33. Bd3
Ne3 34. Rd2 Rc6 35. Be4 Rc1+ 36. Kf2 Nc4 37. Rc2 Rxc2+ 38. Bxc2 Ne5 39. Rb5 d3
40. Rxe5 dxc2 41. Rc5 Rd2+ 42. Ke3 Rxh2 43. a4 c1=Q+ 44. Rxc1 Rxb2 45. Ra1 Rb6
46. a5 Ra6 47. Kd4 Ke7 48. Kc5 Kd7 49. Kb5 Ra8 50. a6 Kc7 51. a7 h5 52. Ka6 h4
53. gxh4 gxh4 54. Rc1+ Kd6 55. Kb7 1-0

[Event "2BLO 1819 SC NT Nürnberg - FC Bayern M"]
[Site "?"]
[Date "2019.02.02"]
[Round "5.6"]
[White "Promyshlyanskiy, Vitaliy"]
[Black "Lokander, Martin"]
[Result "0-1"]
[WhiteElo "2285"]
[BlackElo "2415"]
[PlyCount "65"]
[EventDate "2019.??.??"]

1. e4 e5 2. Nf3 Nc6 3. Bb5 a6 4. Ba4 Nf6 5. Qe2 b5 6. Bb3 Be7 7. O-O O-O 8. c3
d5 9. d3 Be6 10. Nbd2 Re8 11. Rd1 h6 12. Nf1 Bd6 13. Ng3 Na5 14. Bc2 c5 15. Bd2
Rc8 16. Be1 d4 17. cxd4 cxd4 18. Rdc1 Nd7 19. Qd1 b4 20. Ba4 Rxc1 21. Rxc1 g6
22. Qd2 Kh7 23. a3 Bb3 24. axb4 Bxa4 25. bxa5 Nc5 26. b4 Nb3 27. Qa2 Nxc1 28.
Qxa4 Re7 29. Qa3 Qc8 30. Bd2 Rc7 31. Kf1 Rc2 32. Ke1 Bxb4 33. Kd1 0-1

[Event "2BLO 1819 SC NT Nürnberg - FC Bayern M"]
[Site "?"]
[Date "2019.02.02"]
[Round "5.7"]
[White "Meister, Peter"]
[Black "Hoffmann, Sebastian"]
[Result "1-0"]
[WhiteElo "2359"]
[BlackElo "2102"]
[PlyCount "73"]
[EventDate "2019.??.??"]

1. d4 d5 2. c4 c6 3. Nf3 Nf6 4. g3 g6 5. Bg2 Bg7 6. O-O O-O 7. b3 a5 8. Nc3 Bf5
9. Bb2 Ne4 10. Rc1 Nxc3 11. Bxc3 Be4 12. Qd2 Nd7 13. cxd5 cxd5 14. Rfd1 b5 15.
Ne5 Nxe5 16. dxe5 Bxg2 17. Kxg2 e6 18. f4 Qb6 19. Bd4 Qb7 20. Rc2 a4 21. Rb1
Rfc8 22. Rxc8+ Qxc8 23. Rc1 Qb7 24. Qd3 Bf8 25. g4 axb3 26. axb3 Ra2 27. Kg3
Bb4 28. Rc2 Ra3 29. Kg2 Ra6 30. h4 Rc6 31. Ra2 Rc1 32. f5 Qc6 33. h5 gxf5 34.
gxf5 Bc3 35. Qg3+ Kf8 36. Ra8+ Qxa8 37. Bc5+ 1-0

[Event "2BLO 1819 SC NT Nürnberg - FC Bayern M"]
[Site "?"]
[Date "2019.02.02"]
[Round "5.8"]
[White "Heimrath, Reiner"]
[Black "Rafiee, Makan"]
[Result "1/2-1/2"]
[WhiteElo "2232"]
[BlackElo "2356"]
[PlyCount "86"]
[EventDate "2019.??.??"]

1. d4 d5 2. Nf3 Nf6 3. c4 e6 4. Nc3 Be7 5. e3 O-O 6. Bd3 dxc4 7. Bxc4 a6 8. a4
c5 9. O-O Nc6 10. Re1 Qa5 11. Bd2 Qc7 12. Qe2 Rd8 13. dxc5 Bxc5 14. Rac1 Bd7
15. h3 Be8 16. Ba2 Nb4 17. Bb1 Qe7 18. e4 e5 19. Bg5 h6 20. Bh4 Bc6 21. Rcd1
Qe6 22. Rd2 Rxd2 23. Qxd2 Re8 24. Rd1 a5 25. Bg3 Nd7 26. Nh4 Nb6 27. Nb5 Qb3
28. Nf5 Nxa4 29. Nc7 Nxb2 30. Rc1 Nc4 31. Qe2 b5 32. Qg4 g6 33. Nxh6+ Kf8 34.
Nxe8 Bxe8 35. h4 Be3 36. Rxc4 bxc4 37. fxe3 Qxe3+ 38. Kh2 Qxh6 39. Bxe5 Qc1 40.
Qf3 Qxb1 41. Qf6 Nd3 42. Qg7+ Ke7 43. Qf6+ Kf8 1/2-1/2

[Event "2BLO 1819 SK Passau - Münchner SC 1836"]
[Site "?"]
[Date "2019.02.02"]
[Round "5.1"]
[White "Jones, Gawain C B"]
[Black "Schwabeneder, Florian"]
[Result "1-0"]
[WhiteElo "2691"]
[BlackElo "2458"]
[PlyCount "45"]
[EventDate "2019.??.??"]

1. e4 e6 2. d4 d5 3. Nd2 Nc6 4. Ngf3 Nf6 5. e5 Nd7 6. Nb3 a5 7. a4 b6 8. Bf4
Be7 9. h4 h6 10. h5 Na7 11. Nfd2 c5 12. Qg4 Kf8 13. Nf3 Nc6 14. c3 Kg8 15. Bb5
Qc7 16. Rh3 c4 17. Nbd2 Na7 18. Rg3 Bf8 19. Nh4 Nb8 20. Bxc4 dxc4 21. Ne4 Rh7
22. Nf6+ Kh8 23. Qg6 1-0

[Event "2BLO 1819 SK Passau - Münchner SC 1836"]
[Site "?"]
[Date "2019.02.02"]
[Round "5.2"]
[White "Wisnet, Dominic"]
[Black "Tabatabaei, M.amin"]
[Result "0-1"]
[WhiteElo "2290"]
[BlackElo "2602"]
[PlyCount "88"]
[EventDate "2019.??.??"]

1. c4 g6 2. g3 Bg7 3. Bg2 Nf6 4. Nc3 O-O 5. Nf3 Nc6 6. d4 d5 7. cxd5 Nxd5 8.
O-O Nb6 9. d5 Na5 10. e4 c6 11. Bg5 h6 12. Bf4 cxd5 13. Nxd5 Nxd5 14. exd5 Bg4
15. Rc1 Rc8 16. Rxc8 Qxc8 17. Qa4 Nc4 18. Qxa7 Nxb2 19. Rc1 Qf5 20. Ne1 Nd1 21.
h3 Be2 22. Qc5 e5 23. dxe6 Qxe6 24. Qd5 Qxd5 25. Bxd5 g5 26. Bc7 Bd4 27. Bf3
Nxf2 28. Kg2 Ba6 29. Rb1 Re8 30. Nc2 Bc5 31. Bb6 Nd3 32. Bxc5 Nxc5 33. Nd4 Rd8
34. Nb3 Na4 35. Rc1 Rd7 36. h4 Kg7 37. hxg5 hxg5 38. g4 b6 39. Kf2 Nb2 40. Rc6
Nd3+ 41. Ke3 Re7+ 42. Be4 Ne5 43. Rc1 Nxg4+ 44. Kf3 Nh2+ 0-1

[Event "2BLO 1819 SK Passau - Münchner SC 1836"]
[Site "?"]
[Date "2019.02.02"]
[Round "5.3"]
[White "Speelman, Jon S"]
[Black "Schmidt, Peter"]
[Result "1-0"]
[WhiteElo "2509"]
[BlackElo "2403"]
[PlyCount "73"]
[EventDate "2019.??.??"]

1. Nf3 g6 2. e4 Bg7 3. d4 d6 4. Bc4 Nc6 5. c3 e5 6. dxe5 dxe5 7. Qc2 Nf6 8. O-O
O-O 9. b4 Bg4 10. Nbd2 Nh5 11. h3 Bd7 12. Nb3 Qe7 13. Bg5 Bf6 14. Be3 b6 15. a4
a5 16. b5 Nd8 17. Bd5 Rc8 18. c4 Ne6 19. Rfd1 Nef4 20. Kh2 g5 21. g4 Nxd5 22.
cxd5 Nf4 23. Bxf4 gxf4 24. Qd3 Kh8 25. Rac1 h5 26. g5 Bxg5 27. Rxc7 f6 28. Rc6
Rg8 29. Rg1 Bh6 30. Nbd2 Bxc6 31. bxc6 Qc5 32. Rf1 Rg7 33. Qb5 Qc2 34. Qc4 Qxc4
35. Nxc4 f5 36. Nd6 fxe4 37. Nxc8 1-0

[Event "2BLO 1819 SK Passau - Münchner SC 1836"]
[Site "?"]
[Date "2019.02.02"]
[Round "5.4"]
[White "Weiss, Christian"]
[Black "Schnider, Gert"]
[Result "1/2-1/2"]
[WhiteElo "2377"]
[BlackElo "2422"]
[PlyCount "24"]
[EventDate "2019.??.??"]

1. b3 Nf6 2. Bb2 g6 3. c4 Bg7 4. Nf3 O-O 5. e3 c5 6. Be2 Nc6 7. O-O b6 8. d4
cxd4 9. Nxd4 Nxd4 10. Bxd4 Bb7 11. Bf3 Qc7 12. Nd2 Rac8 1/2-1/2

[Event "2BLO 1819 SK Passau - Münchner SC 1836"]
[Site "?"]
[Date "2019.02.02"]
[Round "5.5"]
[White "Berchtenbreiter, Maximilian"]
[Black "Testor, Sebastian"]
[Result "1-0"]
[WhiteElo "2432"]
[BlackElo "2304"]
[PlyCount "95"]
[EventDate "2019.??.??"]

1. b3 d5 2. Bb2 Bg4 3. Nf3 Bxf3 4. exf3 e6 5. g3 Nf6 6. Bg2 g6 7. f4 Bg7 8. O-O
O-O 9. Re1 Nbd7 10. d4 Nb6 11. Nd2 Nc8 12. Nf3 Nd6 13. Ne5 Re8 14. Qd3 c6 15.
Re2 Qc7 16. a4 Bf8 17. c4 Bg7 18. c5 Nf5 19. b4 a6 20. Ree1 Nd7 21. Bh3 Nf8 22.
Qb3 Reb8 23. b5 Qc8 24. bxa6 bxa6 25. Qc2 Rb7 26. Bc3 Rab8 27. Bf1 Bxe5 28.
fxe5 Rb3 29. Rab1 Rxb1 30. Rxb1 Rxb1 31. Qxb1 Nd7 32. Qb4 Kg7 33. Qa5 Qb7 34.
Qxa6 Qb3 35. Qa5 Qd1 36. Qc7 Nh4 37. Qxd7 Nf3+ 38. Kg2 Nh4+ 39. gxh4 Qg4+ 40.
Kh1 Qf3+ 41. Kg1 Qg4+ 42. Bg2 Qd1+ 43. Be1 Qxe1+ 44. Bf1 Qe4 45. h3 Qxh4 46.
Qb7 Qg5+ 47. Kh1 Qf4 48. Qe7 1-0

[Event "2BLO 1819 SK Passau - Münchner SC 1836"]
[Site "?"]
[Date "2019.02.02"]
[Round "5.6"]
[White "Hiermann, Dietmar"]
[Black "Lapcevic, Milos"]
[Result "1-0"]
[WhiteElo "2218"]
[BlackElo "2397"]
[PlyCount "123"]
[EventDate "2019.??.??"]

1. e4 c5 2. Nf3 d6 3. d4 cxd4 4. Nxd4 Nf6 5. Nc3 a6 6. g3 e5 7. Nb3 Be7 8. Bg2
b5 9. Nd5 Nxd5 10. Qxd5 Ra7 11. Be3 Be6 12. Qd2 Rd7 13. a4 d5 14. exd5 Bxd5 15.
Bxd5 Rxd5 16. Qe2 O-O 17. axb5 axb5 18. O-O Nc6 19. c4 bxc4 20. Qxc4 Nd4 21.
Nxd4 exd4 22. Rfd1 Bf6 23. Rd3 Qd7 24. Bd2 Rc8 25. Qa4 Qf5 26. Rc1 Rxc1+ 27.
Bxc1 h6 28. Qd1 Rc5 29. Bf4 g5 30. Bd6 Rc6 31. Bb4 g4 32. f3 h5 33. Be1 Bg5 34.
f4 Bf6 35. Bf2 Kh7 36. Rd2 Qc8 37. Qe2 Rc1+ 38. Be1 Qc5 39. Qe4+ Kg7 40. Kg2
Qc4 41. Kf2 Qb3 42. Kg2 Ra1 43. h3 Ra7 44. Bf2 Re7 45. Qd3 Qxd3 46. Rxd3 Rd7
47. hxg4 hxg4 48. Kf1 Kg6 49. Ke2 Kf5 50. b4 Ke4 51. Be1 Bd8 52. Ra3 Bb6 53.
Ra6 d3+ 54. Kd1 Rb7 55. Ra8 Be3 56. Bd2 Bxd2 57. Kxd2 Kf3 58. Kxd3 Kxg3 59. f5
Kf4 60. f6 Rb6 61. b5 g3 62. Ke2 1-0

[Event "2BLO 1819 SK Passau - Münchner SC 1836"]
[Site "?"]
[Date "2019.02.02"]
[Round "5.7"]
[White "Haasler, Andreas"]
[Black "Hellmayr, Alois"]
[Result "0-1"]
[WhiteElo "2255"]
[BlackElo "2255"]
[PlyCount "84"]
[EventDate "2019.??.??"]

1. d4 Nf6 2. Nf3 e6 3. Bf4 c5 4. e3 d5 5. c3 Nc6 6. Nbd2 cxd4 7. cxd4 Bd6 8.
Bg3 O-O 9. Bd3 b6 10. a3 Bb7 11. Qe2 Rc8 12. Bh4 Ne7 13. O-O Nf5 14. Bg5 h6 15.
Bxf6 Qxf6 16. g4 Ne7 17. h4 g5 18. hxg5 hxg5 19. Kg2 Kg7 20. Nxg5 Rh8 21. Ngf3
Ng6 22. Rh1 e5 23. Bxg6 fxg6 24. dxe5 Bxe5 25. g5 Qf5 26. Nxe5 Qxe5 27. Qg4 Rc7
28. Nf3 d4 29. Rxh8 Kxh8 30. Qxd4 Qxd4 31. exd4 Rf7 32. Rh1+ Kg7 33. Rh3 Rf4
34. Rg3 Bd5 35. Rh3 a5 36. b3 b5 37. b4 a4 38. Rg3 Kf7 39. Rh3 Ke6 40. Rg3 Kf5
41. Rh3 Rxf3 42. Rxf3+ Kg4 0-1

[Event "2BLO 1819 SK Passau - Münchner SC 1836"]
[Site "?"]
[Date "2019.02.02"]
[Round "5.8"]
[White "Mostbauer, Florian"]
[Black "Ciolek, Andreas"]
[Result "1-0"]
[WhiteElo "2345"]
[BlackElo "2297"]
[PlyCount "115"]
[EventDate "2019.??.??"]

1. d4 Nf6 2. Bg5 Ne4 3. Bf4 c5 4. f3 Qa5+ 5. c3 Nf6 6. dxc5 Qxc5 7. e4 e5 8.
Bg3 d6 9. Na3 a6 10. Nc4 Nbd7 11. Bf2 Qc7 12. Ne3 b5 13. Bd3 Nb6 14. Ne2 Be6
15. Rc1 d5 16. exd5 Nbxd5 17. Nxd5 Bxd5 18. O-O Bc5 19. c4 Bxf2+ 20. Rxf2 bxc4
21. Qa4+ Qd7 22. Qxd7+ Kxd7 23. Bxc4 Rhc8 24. Bxd5 Nxd5 25. Rd1 Ke6 26. f4 Nxf4
27. Nxf4+ exf4 28. Rxf4 f5 29. Rfd4 Rc2 30. Re1+ Kf6 31. Rd6+ Kg5 32. Re7 g6
33. Rxh7 Re8 34. h4+ Kf4 35. Rg7 Re1+ 36. Kh2 Rcc1 37. Rd4+ Ke3 38. Ra4 Rh1+
39. Kg3 Rc6 40. Re7+ Kd3 41. Ra7 g5 42. hxg5 Rg6 43. R4xa6 Rxg5+ 44. Kf2 Rh2
45. Ra3+ Kc2 46. Rg3 Rgh5 47. Rb7 R2h4 48. Rb5 f4 49. Rc3+ Kb1 50. Rxh5 Rxh5
51. b4 Kxa2 52. Rc4 Kb3 53. Rxf4 Kc3 54. g4 Rh2+ 55. Kg3 Rh1 56. g5 Kd3 57. Kg4
Ke3 58. Kf5 1-0

[Event "2BLO 1819 Erfurter SK - Nickelhütte Au"]
[Site "?"]
[Date "2019.02.02"]
[Round "5.1"]
[White "Papp, Gabor"]
[Black "Romanov, Evgeny"]
[Result "0-1"]
[WhiteElo "2603"]
[BlackElo "2608"]
[PlyCount "60"]
[EventDate "2019.??.??"]

1. e4 e6 2. d4 d5 3. e5 c5 4. c3 Nc6 5. Nf3 Bd7 6. Be2 Rc8 7. O-O a6 8. Na3
cxd4 9. cxd4 Bxa3 10. bxa3 Nge7 11. Rb1 Na5 12. a4 Bc6 13. Bd3 Nc4 14. Nd2 Nf5
15. Nxc4 dxc4 16. Bxf5 exf5 17. Ba3 Be4 18. Qh5 Rc6 19. e6 Rxe6 20. Rbe1 Qd5
21. Qg5 Kd7 22. f3 Bd3 23. Qxg7 Rhe8 24. Qxf7+ Kc6 25. Rxe6+ Rxe6 26. Bc5 Bxf1
27. Qf8 Kc7 28. Kxf1 b6 29. Qg7+ Qd7 30. Qg3+ Kb7 0-1

[Event "2BLO 1819 Erfurter SK - Nickelhütte Au"]
[Site "?"]
[Date "2019.02.02"]
[Round "5.2"]
[White "Mihok, Oliver"]
[Black "Antal, Gergely"]
[Result "1/2-1/2"]
[WhiteElo "2543"]
[BlackElo "2550"]
[PlyCount "97"]
[EventDate "2019.??.??"]

1. Nf3 f5 2. d3 d6 3. e4 e5 4. Nc3 Nf6 5. exf5 Bxf5 6. d4 e4 7. Nh4 Bc8 8. Bg5
c6 9. Nxe4 Qe7 10. Bd3 d5 11. O-O dxe4 12. Re1 Qf7 13. Bxe4 Be7 14. Nf5 Bxf5
15. Bxf5 Nbd7 16. Qe2 Kd8 17. Be6 Qe8 18. d5 Nxd5 19. Bxd5 Bxg5 20. Qg4 Qg6 21.
Be4 h5 22. Qxd7+ Kxd7 23. Bxg6 h4 24. b3 Rad8 25. g3 Kc7 26. Re2 b5 27. a4 Bf6
28. Rae1 hxg3 29. hxg3 bxa4 30. bxa4 Rd4 31. Re4 Rhd8 32. Kg2 Rxe4 33. Rxe4 Rd4
34. Rxd4 Bxd4 35. f4 Kd6 36. Kf3 c5 37. c4 Bc3 38. Ke4 Ke6 39. g4 a5 40. Bf5+
Kd6 41. Bc8 g5 42. fxg5 Ke7 43. Kd5 Bb4 44. Kc6 Kf7 45. Bf5 Kg7 46. Kb6 Kf8 47.
g6 Kg7 48. g5 Kf8 49. Be4 1/2-1/2

[Event "2BLO 1819 Erfurter SK - Nickelhütte Au"]
[Site "?"]
[Date "2019.02.02"]
[Round "5.3"]
[White "Meijers, Viesturs"]
[Black "Braeuer, Franz"]
[Result "1/2-1/2"]
[WhiteElo "2433"]
[BlackElo "2439"]
[PlyCount "32"]
[EventDate "2019.??.??"]

1. d4 Nf6 2. Bg5 c5 3. Bxf6 gxf6 4. d5 Qb6 5. Qc1 f5 6. c4 Bg7 7. Nc3 d6 8. e3
Nd7 9. Nge2 Ne5 10. Nf4 Rg8 11. Be2 Bd7 12. O-O Qb4 13. Nd3 Qa5 14. Nf4 Qb4 15.
Nd3 Qa5 16. Nf4 Qb4 1/2-1/2

[Event "2BLO 1819 Erfurter SK - Nickelhütte Au"]
[Site "?"]
[Date "2019.02.02"]
[Round "5.4"]
[White "Enders, Peter"]
[Black "Slobodjan, Roman"]
[Result "0-1"]
[WhiteElo "2438"]
[BlackElo "2460"]
[PlyCount "56"]
[EventDate "2019.??.??"]

1. b3 c5 2. Bb2 Nc6 3. Nf3 Nf6 4. g3 d5 5. Bg2 d4 6. O-O e5 7. e3 Bd6 8. exd4
cxd4 9. c4 O-O 10. d3 Bf5 11. Nh4 Bg4 12. Bf3 Bh3 13. Ng2 Nd7 14. Nd2 f5 15. a3
a5 16. Qc2 Kh8 17. Rae1 Qc7 18. Qb1 Rae8 19. Bd1 Nc5 20. Nf3 Bg4 21. Ngh4 Be7
22. Ba1 Bf6 23. b4 axb4 24. axb4 Nxb4 25. Nxe5 Bxe5 26. Bxg4 fxg4 27. Rxe5 Qxe5
28. Qxb4 Nxd3 0-1

[Event "2BLO 1819 Erfurter SK - Nickelhütte Au"]
[Site "?"]
[Date "2019.02.02"]
[Round "5.5"]
[White "Spiess, Gunter"]
[Black "Mueller, Matthias"]
[Result "1/2-1/2"]
[WhiteElo "2414"]
[BlackElo "2389"]
[PlyCount "120"]
[EventDate "2019.??.??"]

1. d4 d5 2. c4 e6 3. Nf3 c5 4. cxd5 exd5 5. Nc3 Nc6 6. dxc5 d4 7. Na4 Bxc5 8.
Nxc5 Qa5+ 9. Qd2 Qxc5 10. a3 Nge7 11. b4 Qb6 12. Bb2 O-O 13. Bxd4 Nxd4 14. Qxd4
Nc6 15. Qb2 a5 16. b5 a4 17. e3 Na5 18. Nd4 Nb3 19. Nxb3 axb3 20. Bc4 Qa5+ 21.
Ke2 Be6 22. Qxb3 Bxc4+ 23. Qxc4 Rac8 24. Qb3 Rc3 25. Qb2 Rfc8 26. Rhc1 Rxc1 27.
Rxc1 Rxc1 28. Qxc1 Qxb5+ 29. Ke1 g6 30. Qc8+ Kg7 31. Qc3+ Kg8 32. f3 h5 33. Kf2
Qd5 34. h4 Kh7 35. Qb4 Kg8 36. a4 Qc6 37. Qe4 Qc3 38. Kg3 b6 39. Qd4 Qc7+ 40.
Qf4 Qc5 41. Kh2 Qc6 42. Qb8+ Kh7 43. Qf4 Kg8 44. Qd4 Qc7+ 45. Kh3 Qc8+ 46. g4
hxg4+ 47. fxg4 Qc6 48. Kg3 Qc7+ 49. Qf4 Qc5 50. g5 Qa5 51. Kf3 Qd5+ 52. Qe4
Qd1+ 53. Kf4 Qd6+ 54. Qe5 Qb4+ 55. Qd4 Qb1 56. Qe4 Qa2 57. Qd4 Qh2+ 58. Kf3
Qh3+ 59. Ke2 Qe6 60. Qd8+ Kh7 1/2-1/2